000 00517nam a2200181Ia 4500
008 240925s9999 xx 000 0 und d
020 _a8120313976
082 _a005.133 WIN
100 _aWynkoop, Stephen
245 0 _aUsing Microsoft SQL Server 6.5: special edition
250 _a2nd
260 _aNew Delhi:
_bPrentice Hall
_c,1997.
300 _aVarious pages
_bNA
_fOriginal
500 _aIncludes Index
600 _aComputer Science
650 _aComputer science, information & general works
942 _cBK
999 _c6238
_d6238